000 00557nam a2200193Ia 4500
008 191130s2004##################000#0#eng##
020 _a9788131507025
040 _aACL
_cACL
082 _a301.092 FIS
100 _aFischer, Marilyn
245 _aOn Addams
_cMarilyn Fischer
260 _aAustralia ; Belmont, CA
_bWadsworth Cengage Learning
_cc2004
300 _a93 p. ; 23 cm.
500 _aIncludes bibliographical references
650 _aSociology- Philosophy
990 _aa1067e7aac10000c0605897b6e3557cf
991 _a59213
999 _c26179
_d26179